Quizzes
Events
Quiz Creation
Community
Videos
Private Events
Remove Ads
Sign In
Join for FREE
Feedback
Dark Mode
Quiz Categories
Sports
Geography
Music
Movies
Television
Just For Fun
Miscellaneous
History
Literature
Language
Science
Gaming
Entertainment
Religion
Holiday
For Kids
Quiz Lab
Recent
Popular Today
Quiz Kudos Today
Editor Picks
Curator Picks
Quizzes by...
Day
Popularity
Type
Ratings
Length
Year
Community
Subscriptions
Recent Discussions
Orange Saloon
Badges
Playlists
Quests
Create
Leaderboards
Showdown
Live 5
Trivia Bingo
Activity
Puzzle Library
Sporcle Events
Private Events
Virtual Trivia
Globe League
Become a Host
Pub Owners
SporcleCon
Opinionation
Our Games
Videos
Blog
Mobile Apps
Partnerships
Remove Ads and Go Orange
Feedback
Sports
Athletes
MLB
NBA
NHL
NFL
Soccer
Sports Teams
WWE
NCAA
Football
Premier League
Basketball
Baseball
Hockey
Golf
Tennis
Cricket
Rugby
Auto Racing
Olympics
World Cup
Sports
Athletes
MLB
NBA
NHL
NFL
Soccer
Sports Teams
WWE
NCAA
Football
Premier League
Basketball
Baseball
Hockey
Golf
Tennis
Cricket
Rugby
Auto Racing
Olympics
World Cup
Random Quiz
Search Sporcle
×
Quiz Lab
Quiz Lab
Sports
Baseball
Type in answers that appear in a list
Type in answers that appear in a list
Classic
Best Score? Go Orange.
2013 MLB Highest Paid by Team Stats
Can you name the 2013 MLB Highest Paid by Team?
By
knames4
6m
30 Questions
247 Plays
247 Plays
247 Plays
Comments
Comments
Give Quiz Kudos
Give Quiz Kudos
-
- Ratings
hide this ad
Replay
Link that replays current quiz
Next Quiz
Link to next quiz in quiz playlist
You Got
0%
They Got
Avg Score
63%
Avg Friend Score
Upgrade to see
Score Distribution
Jump to the score distribution portion of the page
Score
0/30
Timer
06:00
0
Plays Today
Team
Player
% Correct
New York Yankees
Alex Rodriguez
98%
Detroit Tigers
Prince Fielder
91.1%
Tampa Bay Rays
David Price
86.2%
Minnesota Twins
Joe Mauer
86.2%
Toronto Blue Jays
Jose Bautista
85%
Philadelphia Phillies
Cliff Lee
84.6%
Cincinnati Reds
Joey Votto
84.2%
Kansas City Royals
Ervin Santana
82.6%
New York Mets
Johan Santana
82.6%
Los Angeles Dodgers
Adrian Gonzalez
82.2%
San Francisco Giants
Tim Lincecum
78.9%
St. Louis Cardinals
Matt Holliday
74.5%
Seattle Mariners
Felix Hernandez
73.7%
Chicago Cubs
Edwin Jackson
71.3%
Texas Rangers
Adrian Beltre
66.4%
Team
Player
% Correct
Baltimore Orioles
Nick Markakis
65.6%
Washington Nationals
Jayson Werth
63.6%
Milwaukee Brewers
Kyle Lohse
62.3%
Oakland Athletics
Chris Young and Yoenis Cespedes
58.7%
Los Angeles Angels
Albert Pujols and Jered Weaver
58.3%
Pittsburgh Pirates
A.J. Burnett
55.5%
Chicago White Sox
John Danks
54.3%
Atlanta Braves
Dan Uggla
50.2%
Boston Red Sox
John Lackey
48.2%
Cleveland Indians
Nick Swisher
48.2%
Houston Astros
Erik Bedard
26.3%
Miami Marlins
Placido Polanco
26.3%
Arizona Diamondbacks
Miguel Montero
21.9%
San Diego Padres
Carlos Quentin
19.8%
Colorado Rockies
Jorge De La Rosa
12.1%
Quiz Playlist
Details
Report
Send in Message
Add To Playlist
Classic:
Type in answers that appear in a list
Quiz Source
Last Updated: Feb 16, 2017
Quiz Scoreboard
CHALLENGE
Sign Up to Join the Scoreboard
Show All
Scores
Hide
Comments
May contain spoilers
Recently Published
Popular People in 1961
by mucciniale
History
6m
1-10 Letter E Words III
by El_Dandy
Language
2m
One Thing in Common: World Cities II
by knightlancer
Geography
7m
More to Explore
Quiz From the Vault
Featured Blog Post
Where Did the Easter Bunny Come From?
hide this ad
You Might Also Like...
Tags
Baseball Quiz
2013
Highest Paid
Money
paid
Player
Today's Top Quizzes in Sports
Browse Sports
hide this ad
Today's Top Quizzes in Baseball
Browse Baseball
Top Contributed Quizzes in Sports
1
Les meilleurs buteurs des matchs entre le PSG et l’OM
2
Les entraîneurs de l'OM et du PSG au 21e siècle
3
2022 World Cup Stars
4
FIFA Club World Cup Champions
5
Name the Premier League winners with different clubs
6
La finale Lions - Afrique du Sud 2021
7
Criteria MLB: Left Handed Sluggers
8
Players with Multiple 50 Home Run Seasons
9
MLB Players with Two .350 Batting Average Seasons
10
MLB Hall of Famer by Rings
Explore More
Trending Topics
Kpop
NBA
Anime
Harry Potter
Marvel
Disney
Crossword
Puzzle
Pokémon
Country
Song
NFL
The Office
WWE
Soccer
hide this ad
More By:
knames4
Quiz
Plays
Rating
Category
Featured
Created
MLB 2021 NL Starting Rotations (End of Season)
2,162
5.00
Sports
Apr 7, 2021
HBO Game of Thrones Dead Characters
2,086
3.83
Television
Apr 27, 2015
MLB 2017 Top 10 Highest-Paid Players per Team
1,934
4.17
Sports
Mar 7, 2017
MLB AL Lineups 2018 (end of season)
1,589
5.00
Sports
Mar 28, 2018
MLB NL Lineups 2018 (end of season)
1,514
5.00
Sports
Mar 28, 2018
Go to Creator's Profile
Score Distribution
Quiz Creator Spotlight
knames4
Follow
Send a Message
Quizzes Created
-
Created Quiz Play Count
-
More By This Creator
Popular Quizzes Today
1
Find the US States - No Outlines Minefield
2
The Countries of the World
3
Find the Countries of Europe - No Outlines Minefield
4
Popular People in 1961
5
1-10 Letter E Words III
6
Find the US States
7
One Thing in Common: World Cities II
8
US States
More Sports Quizzes
SEC School Map
Published
Trending Quizzes
Risky Map Clicking: Least Populous States A-Z
1-10 Letter F Words
1-10 Letter G Words
One Thing in Common: United Kingdom
Risky Map Clicking: Next State Alphabetically
Recently Updated
Leaping Animals
pecheneg
Reality TV Shows (A-Z)
bhenderson79
Rickey Henderson's Hall of Fame Teammates
pecheneg
Champions League XIs: Arsenal
pecheneg
Quick Pick: Celebrities in WWE's Hall of Fame
aduchscher
A-Z Keypad Blitz II
pecheneg
Multiple Oscar Actors
pecheneg
Mystery Phrase Blitz: Oscar 'Best Actors'
pecheneg
F. Scott Fitzgerald Novels
LTH
Pick 3 Villains
ddd62291
Trending Topics
NBA
Marvel
Kpop
Crossword
Harry Potter
Anime
Disney
Country
WWE
Pokémon
Puzzle
NFL
The Office
Song
Soccer
Your Account Isn't Verified!
In order to create a playlist on Sporcle, you need to verify the email address you used during registration. Go to your
Sporcle Settings
to finish the process.
Report this User
Report this user for behavior that violates our
Community Guidelines
.
Details:
Send Report
Go to the Sporcle.com Mobile Site →
Comments